| 000 | 00366nam a2200157Ia 4500 | ||
|---|---|---|---|
| 003 | OSt | ||
| 005 | 20240205113311.0 | ||
| 008 | 170523s9999 xx 000 0 und d | ||
| 020 | _a978-0132853545 | ||
| 040 | _ciimt university meerut | ||
| 100 | _aMAJARO- SIMON | ||
| 245 | 4 | _aTHE ESSENCE OF MARKETING | |
| 260 | _bNEW DELHI PHI | ||
| 260 | _c1996 | ||
| 942 |
_2ddc _c02 |
||
| 999 |
_c299 _d299 |
||